Normal view MARC view
  • VanPutte, Cinnamon L

Entry Personal Name

Number of records used in: 1

001 - CONTROL NUMBER

  • control field: 116123

003 - CONTROL NUMBER IDENTIFIER

  • control field: NUST

005 - DATE AND TIME OF LATEST TRANSACTION

  • control field: 20230912165825.0

008 - FIXED-LENGTH DATA ELEMENTS

  • fixed length control field: 230912|| aca||aabn | a|a d

040 ## - CATALOGING SOURCE

  • Original cataloging agency: NUST
  • Transcribing agency: NUST

100 ## - HEADING--PERSONAL NAME

  • Personal name: VanPutte, Cinnamon L

670 ## - SOURCE DATA FOUND

  • Source citation: Work cat.: (NUST): VanPutte, Cinnamon L., Seeley's essentials of anatomy & physiology /
© 2023 Central Library, National University of Sciences and Technology. All Rights Reserved.